Riconosci il Calciatore dai Trofei - Quiz n°3 - Statistics

Statistiche generali
  • Questo quiz è stato fatto 10 volte
  • Il punteggio medio è 13 su 15
Statistiche sulle risposte
Trofei per club Trofei per nazioni Trofei individuali Calciatore % Corretto
Norgesmesterskapet G19: 1 Molde: 2017
Campionato austriaco: 1
Salisburgo: 2018-2019
Coppa d'Austria: 1
Salisburgo: 2018-2019
Coppa di Germania: 1
Borussia Dortmund: 2020-2021
Campionato inglese: 1
Manchester City: 2022-2023
Coppa d'Inghilterra: 1
Manchester City: 2022-2023
UEFA Champions League: 1
Manchester City: 2022-2023
Supercoppa UEFA: 1
Manchester City: 2023
Scarpa d'oro del campionato mondiale Under-20: 1 Polonia 2019 (9 reti) Calciatore dell'anno del campionato austriaco: 1 2019 European Golden Boy: 1 2020 Calciatore dell'anno della Bundesliga: 1 2020-2021 Capocannoniere della UEFA Champions League: 2 2020-2021 (10 reti), 2022-2023 (12 reti) Squadra della stagione della UEFA Champions League: 2 2020-2021, 2022-2023 UEFA Club Football Awards: 1 Miglior attaccante: 2020-2021[102] Capocannoniere della UEFA Nations League: 2 2020-2021 (6 reti, a pari merito con Romelu Lukaku e Ferrán Torres), 2022-2023 (6 reti, a pari merito con Aleksandar Mitrović) Squadra dell'anno IFFHS: 1 2022 Calciatore dell'anno (FWA): 1 2022-2023 Calciatore dell'anno della Premier League: 1 2022-2023 Giovane dell'anno della Premier League: 1 2022-2023 Capocannoniere della Premier League: 1 2022-2023 (36 reti) Scarpa d'oro: 1 2023 Note Erling Haaland
100%
Campionato italiano di Serie B: 1 Pescara: 2011-2012 Campionato francese: 9 (record) Paris Saint-Germain: 2012-2013, 2013-2014, 2014-2015, 2015-2016, 2017-2018, 2018-2019, 2019-2020, 2021-2022, 2022-2023 Supercoppa francese: 9 (record) Paris Saint-Germain: 2013, 2014, 2015, 2016, 2017, 2018, 2019, 2020, 2022 Coppa di Lega francese: 6 (record condiviso con Thiago Silva e Marquinhos) Paris Saint-Germain: 2013-2014, 2014-2015, 2015-2016, 2016-2017, 2017-2018, 2019-2020 Coppa di Francia: 6 (record condiviso con Marquinhos) Paris Saint-Germain: 2014-2015, 2015-2016, 2016-2017, 2017-2018, 2019-2020, 2020-2021 Campionato d'Europa: 1 Europa 2020 Trofeo Bravo: 1 2012 Gran Galà del calcio AIC: 1 Miglior giocatore della Serie B: 2012 Trophées UNFP du football: 8 Squadra ideale della Ligue 1: 2013, 2014, 2015, 2016, 2017, 2018, 2019 Miglior giovane della Ligue 1: 2014 Selezione UEFA dell'Europeo Under-21: 1 Israele 2013 Pallone Azzurro: 1 2015 Marco Verratti
100%
Coppa di Polonia: 1 Lech Poznań: 2008-2009 Supercoppa di Polonia: 1 Lech Poznań: 2009 Campionato polacco: 1 Lech Poznań: 2009-2010 Campionato tedesco: 10 Borussia Dortmund: 2010-2011, 2011-2012 Bayern Monaco: 2014-2015, 2015-2016, 2016-2017, 2017-2018, 2018-2019, 2019-2020, 2020-2021, 2021-2022 Coppa di Germania: 4 Borussia Dortmund: 2011-2012 Bayern Monaco: 2015-2016, 2018-2019, 2019-2020 Supercoppa di Germania: 6 Borussia Dortmund: 2013 Bayern Monaco: 2016, 2017, 2018, 2020, 2021 Supercoppa di Spagna: 1 Barcellona: 2023 Campionato spagnolo: 1 Barcellona: 2022-2023 UEFA Champions League: 1 Bayern Monaco: 2019-2020 Supercoppa UEFA: 1 Bayern Monaco: 2020 Coppa del mondo per club: 1 Bayern Monaco: 2020 Capocannoniere della II liga: 1 2006-2007 (15 gol) Capocannoniere della I liga: 1 2007-2008 (21 gol) Capocannoniere dell'Ekstraklasa: 1 2009-2010 (18 gol) Calciatore dell'anno dell'Ekstraklasa: 1 2009 Calciatore polacco dell'anno: 9 2011, 2012, 2013, 2014, 2015, 2016, 2017, 2019, 2020 Capocannoniere della Coppa di Germania: 5 2011-2012 (7 gol), 2016-2017 (5 gol), 2017-2018 (6 gol), 2018-2019 (7 gol), 2019-2020 (6 gol) Calciatore dell'anno della Bundesliga (VDV): 5 2012-2013, 2016-2017, 2017-2018, 2019-2020, 2020-2021 Squadra dell'anno della Bundesliga (VDV): 9 2012-2013, 2013-2014, 2014-2015, 2015-2016, 2016-2017, 2017-2018, 2018-2019, 2019-2020, 2020-2021 Squadra dell'anno della Bundesliga: 8 2012-2013, 2013-2014, 2014-2015, 2015-2016, 2016-2017, 2017-2018, 2018-2019, 2020-2021 Capocannoniere della Bundesliga: 7 2013-2014 (20 gol), 2015-2016 (30 gol), 2017-2018 (29 gol), 2018-2019 (22 gol), 2019-2020 (34 gol), 2020-2021 (41 gol), 2021-2022 (35 gol) Squadra della stagione della UEFA Champions League: 4 2015-2016, 2016-2017, 2019-2020, 2020-2021 Capocannoniere della UEFA Champions League: 1 2019-2020 (15 gol) Capocannoniere della Liga: 1 2022-2023 (23 gol) Miglior marcatore internazionale dell'anno IFFHS: 2 2015, 2021 Sportivo polacco dell'anno: 2 2015, 2020 Squadra dell'anno UEFA: 2 2019, 2020 Squadra dell'anno ESM: 2 2019-2020, 2020-2021 Capocannoniere della UEFA Champions League: 1 2019-2020 (15 gol) UEFA Club Football Awards: 1 Miglior attaccante: 2019-2020[71] UEFA Men's Player of the Year: 1 2019-2020[19] The Best FIFA Men's Player: 2 2020[20], 2021 FIFA FIFPro World XI: 2 2020, 2021 Globe Soccer Awards: 2 Miglior calciatore dell'anno: 2020 Miglior cannoniere dell'anno: 2021 Calciatore dell'anno in Germania: 2 2020, 2021 Golden Player: 2 2020, 2021[139] Miglior calciatore dell'anno IFFHS: 2 2020, 2021 Miglior marcatore dell'anno IFFHS: 2 2020, 2021 Miglior marcatore di massima divisione dell'anno IFFHS: 1 2021 Squadra maschile dell'anno IFFHS: 2 2020, 2021 Squadra maschile del decennio 2011-2020 IFFHS: 1 2020 Miglior giocatore della Coppa del mondo per club FIFA: 1 2020 Calciatore dell'anno World Soccer: 2 2020, 2021 Scarpa d'oro: 2 2020-2021, 2021-2022 Attaccante dell'anno / Trofeo Müller: 2 2021, 2022 Golden Foot: 1 2022 Robert Lewandowski
100%
Coppa del Brasile: 1
Fluminense: 2007
Campionato italiano: 1
Milan: 2010-2011
Supercoppa italiana: 1
Milan: 2011
Campionato francese: 7
Paris Saint-Germain: 2012-2013, 2013-2014, 2014-2015, 2015-2016, 2017-2018, 2018-2019, 2019-2020
Supercoppa francese: 7
Paris Saint-Germain: 2013, 2014, 2015, 2016, 2017, 2018, 2019
Coppa di Lega francese: 6 (record condiviso con Marco Verratti e Marquinhos)
Paris Saint-Germain: 2013-2014, 2014-2015, 2015-2016, 2016-2017, 2017-2018, 2019-2020
Coppa di Francia: 5
Paris Saint-Germain: 2014-2015, 2015-2016, 2016-2017, 2017-2018, 2019-2020
Thiago Silva celebra con il compagno al Chelsea Jorginho la vittoria della Coppa del mondo per club 2021.
UEFA Champions League: 1
Chelsea: 2020-2021
Supercoppa UEFA: 1
Chelsea: 2021
Coppa del mondo per club: 1
Chelsea: 2021
Bronzo olimpico: 1
Pechino 2008
Argento olimpico: 1
Londra 2012
Confederations Cup: 1
Brasile 2013
Coppa America: 1
Brasile 2019
Bola de Prata: 1 2007 Squadra dell'anno del Campeonato Brasileiro Série A: 1 2008 Squadra dell'anno del Sud America: 1 2008 Samba d'Or: 3 2011, 2012, 2013 Premio Armando Picchi: 1 2010-2011 Squadra dell'anno UEFA: 4 2011, 2012, 2013, 2015 Gran Galà del calcio AIC: 2 Squadra dell'anno: 2011, 2012 ESM Team of the Year: 1 2011-2012 Trophées UNFP du football: 7 Squadra ideale della Ligue 1: 2013, 2014, 2015, 2016, 2017, 2018, 2019 FIFA/FIFPro World XI: 3 2013, 2014, 2015 All-Star Team della Confederations Cup: 1 Brasile 2013 All-Star Team del campionato mondiale: 2 Brasile 2014, Russia 2018 Squadra della stagione della UEFA Champions League: 1 2015-2016 Squadre ideale della Copa América: 1 Brasile 2019 Squadra maschile CONMEBOL del decennio 2011-2020 IFFHS: 1 2020 Miglior giocatore della Coppa del mondo per club FIFA: 1 2021 Thiago Silva
100%
Campionato francese: 4
Olympique Lione: 2004-2005, 2005-2006, 2006-2007, 2007-2008
Supercoppa francese: 2
Olympique Lione: 2006, 2007
Coppa di Francia: 1
Olympique Lione: 2007-2008
Coppa di Spagna: 3
Real Madrid: 2010-2011, 2013-2014, 2022-2023
Campionato spagnolo: 4
Real Madrid: 2011-2012, 2016-2017, 2019-2020, 2021-2022
Supercoppa di Spagna: 4
Real Madrid: 2012, 2017, 2020, 2022
UEFA Champions League: 5
Real Madrid: 2013-2014, 2015-2016, 2016-2017, 2017-2018, 2021-2022
Supercoppa UEFA: 4
Real Madrid: 2014, 2016, 2017, 2022
Coppa del mondo per club: 5
Real Madrid: 2014, 2016, 2017, 2018, 2022
Campionato d'Europa Under-17: 1 2004 Competizioni maggiori UEFA Nations League: 1 2020-2021 Trofeo Bravo: 1 2008 Capocannoniere della Ligue 1: 1 2007-2008 (20 gol) Capocannoniere della Coppa di Francia: 1 2007-2008 (6 gol) Trophées UNFP du football: 5 Miglior giocatore della Ligue 1: 2007-2008 Squadra ideale della Ligue 1: 2007-2008 Miglior giocatore francese all'estero: 2018-2019, 2020-2021, 2021-2022 Calciatore francese dell'anno: 4 2011, 2012, 2014, 2021 Squadra dell'anno della Liga: 3 2018-2019, 2019-2020, 2020-2021 Calciatore dell'anno della Liga: 1 2019-2020 Trofeo Alfredo Di Stéfano: 1 2019-2020 Squadra dell'anno de L'Équipe: 2 2020, 2021 Squadra dell'anno ESM: 1 2020-2021 Squadra della stagione della UEFA Champions League: 2 2020-2021, 2021-2022 Onze d'or: 2 2021, 2022 Miglior calciatore della finale di UEFA Nations League: 1 2021 Capocannoniere della Supercoppa spagnola: 2 2022 (2 gol), 2023 (2 gol) Capocannoniere della Liga: 1 2021-2022 (27 gol) Capocannoniere della UEFA Champions League: 1 2021-2022 (15 gol) Calciatore dell'anno della UEFA Champions League: 1 2021-2022 UEFA Men's Player of the Year Award: 1 2021-2022 Pallone d'oro: 1 2022 Globe Soccer Awards: 1 Miglior giocatore dell'anno: 2022 Squadra maschile dell'anno IFFHS: 1 2022 FIFA FIFPro World XI: 1 2022 Karim Benzema
89%
Campionato croato: 3
Dinamo Zagabria: 2005-2006, 2006-2007, 2007-2008
Supercoppa di Croazia: 1
Dinamo Zagabria: 2006
Coppa di Croazia: 2
Dinamo Zagabria: 2006-2007, 2007-2008
Supercoppa di Spagna: 4
Real Madrid: 2012, 2017, 2020, 2022
Coppa di Spagna: 2
Real Madrid: 2013-2014, 2022-2023
Campionato spagnolo: 3
Real Madrid: 2016-2017, 2019-2020, 2021-2022
UEFA Champions League: 5
Real Madrid: 2013-2014, 2015-2016, 2016-2017, 2017-2018, 2021-2022
Supercoppa UEFA: 4
Real Madrid: 2014, 2016, 2017, 2022
Coppa del mondo per club: 5
Real Madrid: 2014, 2016, 2017, 2018, 2022
Miglior giocatore del campionato bosniaco: 1 2003 Speranza del calcio croato: 1 2004 Calciatore croato dell'anno: 11 (record) 2007, 2008, 2011, 2014, 2016, 2017, 2018, 2019, 2020, 2021, 2022 Miglior calciatore del campionato croato: 1 2008 Squadra del torneo del campionato europeo: 1 2008 Premi LFP: 2 Miglior centrocampista: 2013-2014, 2015-2016 Squadra della stagione della UEFA Champions League: 6 2013-2014, 2015-2016, 2016-2017, 2017-2018, 2020-2021, 2021-2022 FIFA FIFPro World XI: 6 2015, 2016, 2017, 2018, 2019, 2022 Squadra dell'anno UEFA: 3 2016, 2017, 2018 UEFA Club Football Awards: 2 Miglior centrocampista: 2017, 2018 Miglior giocatore della Coppa del mondo per club FIFA: 1 2017 UEFA Men's Player of the Year: 1 2017-2018 Pallone d’oro dei Mondiali: 1 Russia 2018 All-Star Team dei Mondiali: 2 Russia 2018, Qatar 2022 Miglior costruttore di gioco dell'anno IFFHS: 1 2018 Squadra maschile dell'anno IFFHS: 2 2018, 2022 Calciatore dell'anno World Soccer: 1 2018 Pallone d'oro: 1 2018 Best FIFA Men's Player: 1 2018 Golden Foot: 1 2019 Squadra maschile del decennio 2011-2020 IFFHS: 1 2020 Pallone di bronzo del campionato mondiale: 1 Qatar 2022 Luka Modrić
89%
Campionato spagnolo: 5
Barcellona: 2014-2015, 2015-2016, 2017-2018, 2018-2019, 2022-2023
Coppa di Spagna: 5
Barcellona: 2014-2015, 2015-2016, 2016-2017, 2017-2018, 2020-2021
Supercoppa di Spagna: 3
Barcellona: 2016, 2018, 2023
UEFA Champions League: 1
Barcellona: 2014-2015
Supercoppa UEFA: 1
Barcellona: 2015
Coppa del mondo per club: 1
Barcellona: 2015
Campionato d'Europa Under-17: 1 Germania 2009 Competizioni maggiori Confederations Cup: 1 Russia 2017 Medaglia Fritz Walter: 2 Bronzo Under-17 2009 Oro Under-19 2011 Miglior portiere della campionato tedesco di kicker: 1 2011-2012 Squadra dell'anno UEFA: 1 2018 Squadra della stagione della UEFA Champions League: 2 2014-2015, 2018-2019 Parata della stagione della UEFA Champions League: 1 2014-2015 (12 maggio 2015: Bayern Monaco - Barcellona 3-2) Marc-André Ter Stegen
89%
Campionato Paulista: 3
Santos: 2010, 2011, 2012
Competizioni nazionali
Coppa del Brasile: 1
Santos: 2010
Supercoppa di Spagna: 2
Barcellona: 2013, 2016
Campionato spagnolo: 2
Barcellona: 2014-2015, 2015-2016
Coppa di Spagna: 3
Barcellona: 2014-2015, 2015-2016, 2016-2017
Coppa di Lega francese: 2
Paris Saint-Germain: 2017-2018, 2019-2020
Campionato francese: 5
Paris Saint-Germain: 2017-2018, 2018-2019, 2019-2020, 2021-2022, 2022-2023
Coppa di Francia: 3
Paris Saint-Germain: 2017-2018, 2019-2020, 2020-2021
Supercoppa francese: 3
Paris Saint-Germain: 2018, 2020, 2022
Competizioni internazionali
Coppa Libertadores: 1
Santos: 2011
Recopa Sudamericana: 1
Santos: 2012
UEFA Champions League: 1
Barcellona: 2014-2015
Supercoppa UEFA: 1
Barcellona: 2015
Coppa del mondo per club: 1
Barcellona: 2015
Campionato sudamericano Under-20: 1
Perù 2011
Argento olimpico: 1
Londra 2012
Confederations Cup: 1
Brasile 2013
Oro olimpico: 1
Rio de Janeiro 2016
Miglior giocatore del campionato Paulista: 3 2010, 2011, 2012 Capocannoniere della Coppa del Brasile: 1 2010 (11 gol) Chuteira de Ouro: 3 2010, 2011, 2012 Prêmio Arthur Friedenreich: 2 2010, 2012 Bola de Prata: 3 2010,[159] 2011, 2012[160] Capocannoniere del Sudamericano Under-20: 1 2011 (9 gol) Giovane calciatore dell'anno World Soccer: 1 2011 Calciatore sudamericano dell'anno: 2 2011, 2012 Bola de Ouro: 1 2011 FIFA Puskás Award: 1 2011 (Santos-Flamengo 4-5) Capocannoniere del campionato Paulista: 1 2012 (20 gol) Capocannoniere della Coppa Libertadores: 1 2012 (8 gol, a pari merito con Alustiza) Pallone d'oro della FIFA Confederations Cup: 1 2013 Scarpa di bronzo della FIFA Confederations Cup: 1 2013 (4 gol) All-Star Team dei Mondiali: 1 Brasile 2014 Capocannoniere della Coppa di Spagna: 1 2014-2015 (7 gol, a pari merito con Iago Aspas) Capocannoniere della UEFA Champions League: 1 2014-2015 (10 gol, a pari merito con Messi e Ronaldo) FIFA FIFPro World XI: 2 2015, 2017 Squadra dell'anno UEFA: 2 2015, 2020 Miglior giocatore della Ligue 1: 1 2017-2018 Miglior squadra della Ligue 1: 2 2017-2018, 2018-2019 Squadra dell'anno ESM: 1 2017-2018 Neymar
89%
Campionato francese: 1 Montpellier: 2011-2012 Coppa d'Inghilterra: 4 Arsenal: 2013-2014, 2014-2015, 2016-2017 Chelsea: 2017-2018 Community Shield: 3 Arsenal: 2014, 2015, 2017 Campionato italiano: 1 Milan: 2021-2022 Competizioni internazionali UEFA Europa League: 1 Chelsea: 2018-2019 UEFA Champions League: 1 Chelsea: 2020-2021 Campionato mondiale: 1 Russia 2018 Capocannoniere della Ligue 2: 1 2009-2010 (21 gol) Capocannoniere della Ligue 1: 1 2011-2012 (21 gol, a pari merito con Nenê) Trophées UNFP du football: 1 Squadra ideale della Ligue 1: 2012 FIFA Puskás Award: 1 2017 (1º gennaio 2017: Arsenal - Crystal Palace 2-0) Capocannoniere della UEFA Europa League: 1 2018-2019 (11 gol) Squadra della stagione della UEFA Europa League: 1 2018-2019 Scarpa di bronzo del campionato mondiale: 1 Qatar 2022 All-Star Team dei Mondiali: 1 Qatar 2022 Olivier Giroud
89%
Segunda División: 1
Atlético Madrid: 2001-2002
Coppa d'Inghilterra: 1
Chelsea: 2011-2012
UEFA Champions League: 1
Chelsea: 2011-2012
UEFA Europa League: 2
Chelsea: 2012-2013
Atlético Madrid: 2017-2018
Campionato d'Europa Under-16: 1 Inghilterra 2001 Campionato d'Europa Under-19: 1 Norvegia 2002 Campionato d'Europa: 2 Austria-Svizzera 2008, Polonia-Ucraina 2012 Campionato mondiale: 1 Sudafrica 2010 Capocannoniere dell'Europeo Under-16: 1 2001 (7 gol) Miglior giocatore dell'Europeo Under-16: 1 2001 Capocannoniere dell'Europeo Under-19: 1 2002 (4 gol) Miglior giocatore dell'Europeo Under-19: 1 2002 ESM Team of the Year: 1 2007-2008 Squadra dell'anno UEFA: 1 2008 Squadra ideale dell'Europeo: 1 2008[114][115] FIFPro World XI: 2 2008, 2009 Squadra dell'anno della PFA: 2 2008, 2009 Scarpa d'argento della FIFA Confederations Cup: 1 Brasile 2009 Capocannoniere dell'Europeo: 1 Polonia-Ucraina 2012 (3 gol) Scarpa d'oro della FIFA Confederations Cup: 1 Brasile 2013 (5 gol) Fernando Torres
78%
Coppa di Germania: 1 Borussia Dortmund: 2020-2021 Miglior giovane della stagione EFL: 1 2019-2020 Calciatore dell'anno della Bundesliga: 1 2022-2023 Jude Bellingham
78%
Coppa di Germania: 1 Werder Brema: 2008-2009 Coppa di Spagna: 1 Real Madrid: 2010-2011 Campionato spagnolo: 1 Real Madrid: 2011-2012 Supercoppa di Spagna: 1 Real Madrid: 2012 Coppa d'Inghilterra: 4 Arsenal: 2013-2014, 2014-2015, 2016-2017, 2019-2020 Community Shield: 4 Arsenal: 2014, 2015, 2017, 2020 Campionato d'Europa Under-21: 1
Svezia 2009
Campionato mondiale: 1
Brasile 2014
Selezione UEFA dell'Europeo Under-21: 1
Svezia 2009[66]
Europei Top 11: 1
Polonia-Ucraina 2012
Squadra dell'anno UEFA: 2
2012, 2013
Miglior assistman del Campionato mondiale di calcio: 1
2010 (3 assist a pari merito con Thomas Müller, Bastian Schweinsteiger, Kaká e Dirk Kuyt)
All-Time XI dell'Europeo Under-21: 1
2015
Calciatore dell'anno in Germania: 1
2017
Mesut Özil
78%
Campionato inglese: 2
Leicester City: 2015-2016
Chelsea: 2016-2017
Coppa d'Inghilterra: 1
Chelsea: 2017-2018
UEFA Europa League: 1
Chelsea: 2018-2019
UEFA Champions League: 1
Chelsea: 2020-2021
Supercoppa UEFA: 1
Chelsea: 2021
Coppa del mondo per club: 1
Chelsea: 2021
Campionato mondiale: 1 Russia 2018 Squadra dell'anno della PFA: 2 2015-2016, 2016-2017 Giocatore dell'anno della PFA: 1 2016-2017 Calciatore francese dell'anno: 1 2017 All-Star Team del campionato mondiale: 1 Russia 2018 FIFA FIFPro World XI: 2 2018, 2021 Squadra dell'anno UEFA: 1 2018 Squadra della stagione della UEFA Europa League: 1 2018-2019 Man of the match della finale di Champions League: 1 2020-2021 Squadra della stagione della UEFA Champions League: 1 2020-2021 UEFA Club Football Awards: 1 Miglior centrocampista: 2020-2021 N'Golo Kanté
78%
Community Shield: 1
Arsenal: 2004
Coppa d'Inghilterra: 2
Arsenal: 2004-2005
Chelsea: 2017-2018
Supercoppa di Spagna: 2
Barcellona: 2011, 2013
Coppa di Spagna: 1
Barcellona: 2011-2012
Campionato spagnolo: 1
Barcellona: 2012-2013
Coppa di Lega inglese: 1
Chelsea: 2014-2015
Campionato inglese: 2
Chelsea: 2014-2015, 2016-2017
Supercoppa UEFA: 1
Barcellona: 2011
Coppa del mondo per club: 1
Barcellona: 2011
Campionato d'Europa: 2
Austria-Svizzera 2008, Polonia-Ucraina 2012
Campionato mondiale: 1
Sudafrica 2010
Scarpa d'oro del Mondiale Under-17: 1
2003 (5 gol)
Pallone d'oro del Mondiale Under-17: 1
2003
Golden Player Campionato europeo Under-17: 1
2004
Trofeo Bravo: 1
2006
European Golden Boy: 1
2006
Squadra dell'anno UEFA: 2
2006, 2008
FA Premier League Player of the Month: 2
gennaio 2007, settembre 2007
ESM Team of the Year: 1
2007-2008
Giovane dell'anno della PFA: 1
2007–2008
Squadra dell'anno della PFA: 2
2008, 2010
Squadra del torneo del Campionato europeo: 2
Austria-Svizzera 2008, Polonia-Ucraina 2012
Cesc Fàbregas
67%
Categoría Primera B: 1
Envigado: 2007
Campionato argentino: 1
Banfield: Apertura 2009
Supercoppa di Portogallo: 3
Porto: 2010, 2011, 2012
Campionato portoghese: 3
Porto: 2010-2011, 2011-2012, 2012-2013
Coppa del Portogallo: 1
Porto: 2010-2011
Campionato spagnolo: 2
Real Madrid: 2016-2017, 2019-2020
Supercoppa di Spagna: 1
Real Madrid: 2019
Campionato tedesco: 2
Bayern Monaco: 2017-2018, 2018-2019
Supercoppa di Germania: 2
Bayern Monaco: 2017, 2018
Coppa di Germania: 1
Bayern Monaco: 2018-2019
UEFA Europa League: 1
Porto: 2010-2011
UEFA Champions League: 2
Real Madrid: 2015-2016, 2016-2017
Supercoppa UEFA: 2
Real Madrid: 2014, 2016
Coppa del mondo per club: 2
Real Madrid: 2014, 2016
Torneo di Tolone: 1 2011 Miglior giocatore del Torneo di Tolone: 1
2011
Trophées UNFP du football: 1
Squadra ideale della Ligue 1: 2014
Scarpa d'oro del campionato mondiale: 1
Brasile 2014 (6 gol)
All-Star Team del campionato mondiale: 1
Brasile 2014
Globe Soccer Awards: 1
Miglior calciatore rivelazione dell'anno: 2014
FIFA Puskás Award: 1
2014
Squadra ideale della Liga: 1
2014-2015
Squadra dell'anno UEFA: 1
2015
James Rodriguez
67%
Nessun quiz corrispondente trovato
Distribuzione punteggi
Percentuale di utenti per punteggio
Percentile per numero di risposta
I tuoi punteggi nel tempo
Non hai fatto questo quiz